000 00437nam a2200181Ia 4500
001 4852
005 20260306145825.0
008 260306t2006||||xx |||||||||||||| ||spa||
041 _aESP
082 _a330.985
_bA66
100 _aAraoz Fernández, Mercedes
_eAUT
245 0 _aCompetitividad e integración con la economía mundial
260 _c2006
300 _a
_c
650 _aGEN
654 _aCAN
942 _cLIB
_dJUS
_fJUS
_2ddc
_n
999 _c4852
_d4852